[Event "Holiday Invitational-GM 2019"]
[Site "Charlotte"]
[Date "2019.12.29"]
[Round "6.1"]
[White "Jacobson, Brandon"]
[Black "Mishra, Abhimanyu"]
[Result "1-0"]
[WhiteElo "2472"]
[BlackElo "2397"]
[Annotator "TA"]
[PlyCount "177"]
[EventDate "2019.12.26"]
[EventType "tourn"]
[EventCountry "USA"]
[SourceTitle "playchess.com"]
[Source "ChessBase"]
[SourceQuality "1"]

{[%evp 9,177,26,50,22,43,23,68,64,87,83,80,77,85,45,90,90,92,91,117,47,71,56,66,24,68,68,83,68,83,86,103,68,78,64,97,90,97,90,94,97,127,80,89,81,91,70,135,141,145,149,162,162,216,211,134,61,65,61,61,60,65,67,69,62,79,43,43,42,50,0,50,-16,43,43,51,43,43,14,51,50,50,50,50,28,29,29,43,36,50,51,51,45,54,37,49,37,45,46,55,55,112,105,105,42,105,8,8,8,248,74,248,248,248,248,161,141,300,256,236,161,454,327,447,141,262,262,454,448,445,442,440,440,435,427,695,637,800,392,822,757,839,844,889,892,806,740,814,810,781,681,6412,6479,5513,5189,1871,1047,976,960,1903,1849,29977,29978,6429,1676,1859,1697,29982,29983,29992,29993]} 1. d4 Nf6 2. c4 g6 3. h4 (3. Nc3 d5 4. cxd5 Nxd5 5. e4 Nxc3 6. bxc3 Bg7 7. Qa4+ Nd7 8. Nf3 O-O 9. Bg5 c5 10. Rd1 cxd4 11. cxd4 Nf6 12. d5 Bd7 13. Qb4 Qb6 14. Qxb6 axb6 15. e5 Ng4 16. e6 fxe6 17. Bc4 {0-1 (24) Yu,Y (2763)-Vachier Lagrave,M (2774) Khanty-Mansiysk 2019}) 3... Bg7 4. Nc3 d6 5. e4 Nbd7 6. g4 {E60: King's Indian: Unusual lines and Fianchetto Variation without Nc3} h6 7. Be2 e5 8. d5 $1 {White is slightly better.} Nc5 9. f3 a5 $146 ({Predecessor:} 9... b6 10. Be3 Bd7 11. b4 Nb7 12. Nh3 Ng8 13. Nf2 f5 14. gxf5 gxf5 {½-½ (40) Julien,J (1612)-Belnou,T (1560) Cholet 2011}) 10. Be3 Bd7 11. Nh3 Qe7 12. Nf2 b6 13. Qd2 Kd8 14. b3 (14. Nd3 $16) 14... Ne8 $14 15. O-O-O f5 16. Nd3 f4 17. Bf2 Nf6 18. Kc2 Ke8 19. Rdg1 g5 20. Nc1 Kf7 21. a3 Ra7 22. Kb2 Rha8 23. Bd1 Kg6 24. Bc2 Ne8 25. b4 axb4 26. axb4 Nb7 27. Nb3 Qd8 (27... Nf6 $14) 28. hxg5 $16 hxg5 29. Nd4 $1 Qf6 ({But not} 29... exd4 $2 30. e5+ Kf7 31. e6+ Kg8 32. Bxd4 $18) 30. Nf5 Kf7 {[#]} (30... Nd8 {is a better defense.} 31. Bb3 Kf7) 31. Rh5 $1 $18 Qg6 32. Nxg7 (32. Bb3 $16) 32... Qxg7 $14 33. Rgh1 {aiming for Rh7.} Nf6 34. Rh6 Kg8 35. Bb3 Nd8 36. R6h2 Nf7 37. Rg1 Qf8 38. Rhh1 Kg7 39. Bd1 Qe7 (39... Qc8 $5 {[%cal Rc8a6]}) 40. Be2 (40. Qe2 $14) 40... Be8 (40... Bxg4 $11 41. Rxg4 (41. fxg4 Nxe4 {[%mdl 64] Double Attack} 42. Rh7+ Kxh7 $11) 41... Nxg4 42. fxg4 Ra3) 41. Ra1 Qd8 42. Rxa7 Rxa7 43. Ra1 Qa8 44. Rxa7 Qxa7 45. Qd1 Kf8 46. Qa1 (46. Qc2 {is interesting.} Kg7 47. Qb3 Kf8 48. Kb1 Ke7 49. Bd3) 46... Qxa1+ 47. Kxa1 Ke7 48. Kb2 Kd8 49. Kb3 Kc8 50. Nd1 Nd7 51. Be1 Nd8 52. Nf2 Kb8 53. Kc3 Kc8 54. Bd1 b5 (54... Nf6 $14) 55. Nh3 Nf7 56. Be2 ({Better is} 56. cxb5 $16 Nb6 57. Be2) 56... Nb6 (56... bxc4 $14 57. Bxc4 (57. Kxc4 Nb6+ 58. Kc3 Kd7 $14) 57... Nb6) 57. c5 (57. cxb5 $16 Kd7 58. Nf2) 57... Na4+ $11 58. Kb3 {Threatens to win with c6.} Kb7 $2 (58... dxc5 $11 {and Black is okay.} 59. bxc5 Nxc5+ 60. Kb4 {[%mdl 64] Double Attack} Na6+ 61. Ka5 Nc5) 59. Bf2 $2 (59. c6+ $18 Ka6 60. Bf2) 59... Ka6 $2 (59... c6 $16) 60. c6 $18 Nb6 61. Bxb6 Kxb6 {[%mdl 4096] Endgame KBN-KBN} 62. Nf2 Nh8 $2 (62... Nd8 $16 63. Nh3 Nf7) 63. Nd1 Ng6 64. Kc2 Ka6 $2 (64... Ne7 {was worth a try.} 65. Nc3 Bxc6) 65. Kd2 Kb6 66. Nf2 $2 (66. Ke1 $18 {is the precise move to win.} Nh4 67. Kf2) 66... Nh8 (66... Nf8 $16 67. Nd1 Bxc6) 67. Ke1 Ka6 $2 (67... Bxc6 {was necessary.} 68. dxc6 Kxc6) 68. Nd1 Ng6 69. Nc3 Ne7 70. Nxb5 Kb6 71. Nc3 Bf7 (71... Bxc6 $142 72. dxc6 Kxc6 73. Bb5+ Kb7) 72. Kd2 Be8 73. Na4+ Ka7 74. b5 Nc8 75. Kc3 Bg6 76. Kb4 Be8 77. Ka5 Bg6 78. Nb2 Ne7 79. Nd3 Ng8 {[#]} 80. Nxe5 $1 {[%mdl 512]} Be8 (80... dxe5 81. d6) 81. Nc4 Ne7 82. Kb4 Kb8 83. Kc3 Ng6 84. Kd4 Ka7 {[#]} 85. b6+ $1 Kb8 {[#]} (85... cxb6 86. Nxd6) 86. b7 (86. Nxd6 $142 $1 {[%mdl 512]} Bxc6 (86... cxd6 87. Ba6) 87. dxc6) 86... Ne7 87. e5 dxe5+ 88. Nxe5 Ng8 89. Nd7+ {Accuracy: White = 51%, Black = 29%.} 1-0

[Event "Holiday Invitational-GM 2019"]
[Site "Charlotte"]
[Date "2019.12.29"]
[Round "6.2"]
[White "Sinha, Sahil"]
[Black "Karthik Venkataraman"]
[Result "0-1"]
[WhiteElo "2296"]
[BlackElo "2470"]
[Annotator "ChessBase"]
[PlyCount "102"]
[EventDate "2019.12.26"]
[EventType "tourn"]
[EventCountry "USA"]
[SourceTitle "playchess.com"]
[Source "ChessBase"]
[SourceQuality "1"]
[TimeControl "5400+30"]

1. d4 {[%emt 0:00:00]} Nf6 {[%emt 0:00:19]} 2. c4 {[%emt 0:00:00]} e6 {[%emt 0:00:36]} 3. Nc3 {[%emt 0:00:05]} Bb4 {[%emt 0:00:18]} 4. Qc2 {[%emt 0:00:10]} O-O {[%emt 0:00:10]} 5. Nf3 {[%emt 0:00:10]} c5 {[%emt 0:00:15]} 6. dxc5 {[%emt 0:00:30]} Na6 {[%emt 0:00:07]} 7. g3 {[%emt 0:00:09]} Nxc5 {[%emt 0:00:13]} 8. Bg2 {[%emt 0:00:14]} Nce4 {[%emt 0:00:06]} 9. O-O {[%emt 0:00:30]} Bxc3 {[%emt 0:00:05]} 10. bxc3 {[%emt 0:00:08]} Qc7 {[%emt 0:00:02]} 11. Bf4 {[%emt 0:09:27]} d6 {[%emt 0:00:17]} 12. Nd2 {[%emt 0:09:28]} Nc5 {[%emt 0:00:49]} 13. Nb3 {[%emt 0:02:05]} e5 {[%emt 0:01:11]} 14. Bg5 {[%emt 0:01:35]} Ncd7 {[%emt 0:00:11]} 15. Rfd1 {[%emt 0:03:56]} a5 {[%emt 0:01:13]} 16. Rab1 {[%emt 0:02:25]} h6 {[%emt 0:06:50]} 17. Bxf6 {[%emt 0:02:29]} Nxf6 {[%emt 0:00:05]} 18. Qd3 {[%emt 0:00:19]} Rd8 {[%emt 0:04:56]} 19. Nd2 {[%emt 0:01:09]} Rb8 {[%emt 0:00:29]} 20. Nf1 {[%emt 0:04:24]} Be6 {[%emt 0:00:11]} 21. Ne3 {[%emt 0:01:01]} b6 {[%emt 0:00:44]} 22. Bd5 {[%emt 0:04:39]} Bc8 {[%emt 0:14:38]} 23. Bf3 {[%emt 0:04:19]} Ba6 {[%emt 0:11:52]} 24. Nd5 {[%emt 0:10:24]} Nxd5 {[%emt 0:00:06]} 25. Bxd5 {[%emt 0:00:03]} Rdc8 {[%emt 0:00:05]} 26. Rb2 {[%emt 0:03:48]} Kh8 {[%emt 0:00:53]} 27. h4 {[%emt 0:01:41]} Rf8 {[%emt 0:02:07]} 28. Rdb1 {[%emt 0:02:50]} f5 {[%emt 0:02:14]} 29. Rd1 {[%emt 0:09:01]} Rf6 {[%emt 0:01:17]} 30. Kg2 {[%emt 0:00:30]} Rc8 {[%emt 0:03:02]} 31. Qe3 {[%emt 0:01:09]} Rb8 {[%emt 0:00:34]} 32. Qd3 {[%emt 0:00:49]} Rc8 {[%emt 0:02:07]} 33. Qe3 {[%emt 0:00:28]} Bxc4 {[%emt 0:01:44]} 34. Qxb6 {[%emt 0:03:51]} Qxb6 {[%emt 0:01:49]} 35. Rxb6 {[%emt 0:00:05]} Bxe2 {[%emt 0:00:04]} 36. Rd2 {[%emt 0:00:08]} Bh5 {[%emt 0:00:55]} 37. c4 {[%emt 0:00:22]} e4 {[%emt 0:07:03]} 38. Rdb2 {[%emt 0:03:43]} Bf3+ {[%emt 0:05:05]} 39. Kh2 {[%emt 0:06:46]} f4 {[%emt 0:04:57]} 40. Rb7 {[%emt 0:03:10]} fxg3+ {[%emt 0:02:43]} 41. Kxg3 {[%emt 0:00:24]} Rg6+ {[%emt 0:08:27]} 42. Kh3 {[%emt 0:01:04]} Rg1 {[%emt 0:00:21]} 43. Re7 {[%emt 0:00:44]} Rf8 {[%emt 0:01:53]} 44. Rd2 {[%emt 0:03:53]} Rf4 {[%emt 0:03:34]} 45. Re8+ {[%emt 0:00:24]} Kh7 {[%emt 0:00:05]} 46. Bg8+ {[%emt 0:00:14]} Kg6 {[%emt 0:00:05]} 47. Be6 {[%emt 0:06:03]} Kh5 {[%emt 0:00:28]} 48. Rd5+ {[%emt 0:01:24]} g5 {[%emt 0:00:08]} 49. Bf7+ {[%emt 0:01:02]} Rxf7 {[%emt 0:00:05]} 50. hxg5 {[%emt 0:00:02]} Rxg5 {[%emt 0:00:08]} 51. Rxd6 {[%emt 0:00:44]} Rf4 {[%emt 0:00:15]} 0-1

[Event "Holiday Invitational-GM 2019"]
[Site "Charlotte"]
[Date "2019.12.29"]
[Round "6.3"]
[White "Iotov, Valentin"]
[Black "Kaliksteyn, Alexander"]
[Result "1/2-1/2"]
[WhiteElo "2516"]
[BlackElo "2381"]
[Annotator "ChessBase"]
[PlyCount "28"]
[EventDate "2019.12.26"]
[EventType "tourn"]
[EventCountry "USA"]
[SourceTitle "playchess.com"]
[Source "ChessBase"]
[SourceQuality "1"]
[TimeControl "5400+30"]

1. c4 {[%emt 0:00:00]} e6 {[%emt 0:01:59]} 2. Nf3 {[%emt 0:03:00]} d5 {[%emt 0:00:10]} 3. g3 {[%emt 0:00:01]} Nf6 {[%emt 0:00:54]} 4. Bg2 {[%emt 0:00:03]} dxc4 {[%emt 0:00:15]} 5. O-O {[%emt 0:03:03]} Nbd7 {[%emt 0:04:59]} 6. Qa4 {[%emt 0:06:25]} c5 {[%emt 0:01:46]} 7. Nc3 {[%emt 0:09:37]} a6 {[%emt 0:04:16]} 8. Qxc4 {[%emt 0:06:11]} b5 {[%emt 0:01:18]} 9. Qb3 {[%emt 0:00:03]} c4 {[%emt 0:06:35]} 10. Qc2 {[%emt 0:01:14]} Bb7 {[%emt 0:00:06]} 11. b3 {[%emt 0:12:13]} Rc8 {[%emt 0:03:58]} 12. bxc4 {[%emt 0:05:22]} Rxc4 {[%emt 0:00:21]} 13. d3 {[%emt 0:00:23]} Rc8 {[%emt 0:01:50]} 14. Qb2 {[%emt 0:10:07]} Qa5 {[%emt 0:03:19]} 1/2-1/2

[Event "Holiday Invitational-GM 2019"]
[Site "Charlotte"]
[Date "2019.12.29"]
[Round "6.4"]
[White "Steingrimsson, Hedinn"]
[Black "Wang, Justin"]
[Result "1-0"]
[WhiteElo "2530"]
[BlackElo "2454"]
[Annotator "TA"]
[PlyCount "107"]
[EventDate "2019.12.26"]
[EventType "tourn"]
[EventCountry "USA"]
[SourceTitle "playchess.com"]
[Source "ChessBase"]
[SourceQuality "1"]

{[%evp 13,107,12,17,13,21,24,37,23,21,16,31,19,47,41,50,27,34,21,55,36,128,83,135,136,135,127,122,114,151,124,208,206,227,160,319,268,495,494,464,423,429,433,511,483,517,512,622,341,437,300,278,299,290,298,292,279,338,335,360,332,328,324,316,319,453,446,618,604,615,609,646,639,610,597,690,574,742,664,781,806,742,712,789,783,753,741,798,689,856,799,3241,2871,3137,2846,3133,2102]} 1. d4 Nf6 2. c4 e6 3. Nc3 Bb4 4. Qc2 d5 5. cxd5 exd5 6. Bg5 h6 7. Bh4 O-O 8. e3 {E35: Nimzo-Indian: Classical: 4...d5 5 cxd5 exd5} Be6 (8... c5 9. Nf3 Be6 10. Be2 Nbd7 11. O-O Qa5 12. dxc5 Bxc3 13. bxc3 Rfc8 14. Rab1 Ne4 15. Rfc1 Rxc5 {1-0 (54) Le,Q (2697)-Lenderman,A (2623) Las Vegas 2015}) 9. a3 Be7 10. Nge2 {White is slightly better.} Bc8 $146 ({Predecessor:} 10... Qd7 11. Nf4 Bf5 12. Bd3 Bxd3 13. Nxd3 c6 14. O-O Qd8 15. Ne5 Nbd7 {0-1 (72) Galperin,I (2208)-Fedukin,A (2237) ICCF email 2011}) 11. Nc1 a5 12. Bd3 Na6 13. O-O Re8 14. N1e2 c6 15. f3 c5 16. Rad1 Be6 (16... c4 $14 17. Bf5 Bxf5 18. Qxf5 Nc7) 17. Nf4 Rc8 ({Black should play} 17... c4) 18. Nxe6 $16 fxe6 19. Bg6 $36 {[%mdl 2048] Black is under strong pressure.} Rf8 20. Kh1 Qb6 21. Qe2 Kh8 {[#]} (21... cxd4 $16 22. exd4 (22. Rxd4 Nb8 $11) 22... Rc6) 22. Bb1 $1 $18 Kg8 23. Qc2 Qc6 $2 (23... cxd4 $16 {was called for.} 24. exd4 (24. Rxd4 Nc5 $14) 24... Rc4) 24. f4 Rc7 $2 (24... cxd4 25. exd4 Qe8) 25. Bxf6 Bxf6 26. Qh7+ Kf7 27. f5 Ke7 28. fxe6 Qxe6 29. e4 cxd4 30. Nxd5+ Kd6 {Now ...Rcf7 and Black clings on.} 31. Nxc7 Kxc7 32. Qf5 Qxf5 33. Rxf5 ({Not} 33. exf5 Re8 $16) 33... Re8 34. Rxa5 Kb6 35. b4 Nc7 36. g3 Nb5 37. Bd3 Nc3 38. Re1 Bg5 (38... Be5 $142 39. Rc5 Na4 40. Rb5+ Kc7) 39. e5 {White is clearly winning.} Bd2 40. Rf1 Re7 41. Kg2 Kc6 42. Rc5+ Kb6 43. Bc4 Be3 44. Rf3 h5 45. h4 Ne4 46. Rb5+ Ka7 47. Bd3 Nc3 48. Ra5+ Kb6 49. Rf8 Bh6 50. a4 {[%cal Ba3a4,Ba4a5][%mdl 32]} Be3 51. Raa8 {Hoping for a5+.} Kc6 52. Rac8+ Rc7 53. b5+ Kb6 {[#]} 54. a5+ $1 {Accuracy: White = 60%, Black = 24%.} 1-0

[Event "Holiday Invitational-GM 2019"]
[Site "Charlotte"]
[Date "2019.12.29"]
[Round "6.5"]
[White "Balakrishnan, Praveen"]
[Black "Korley, Kassa"]
[Result "1/2-1/2"]
[WhiteElo "2466"]
[BlackElo "2432"]
[Annotator "ChessBase"]
[PlyCount "43"]
[EventDate "2019.12.26"]
[EventType "tourn"]
[EventCountry "USA"]
[SourceTitle "playchess.com"]
[Source "ChessBase"]
[SourceQuality "1"]
[TimeControl "5400+30"]

1. d4 {[%emt 0:03:25]} e6 {[%emt 0:00:00]} 2. Nf3 {[%emt 0:00:26]} d5 {[%emt 0:00:00]} 3. Bf4 {[%emt 0:00:23]} Nf6 {[%emt 0:00:06]} 4. e3 {[%emt 0:00:16]} Bd6 {[%emt 0:00:03]} 5. Bg3 {[%emt 0:00:09]} O-O {[%emt 0:00:30]} 6. c4 {[%emt 0:00:17]} b6 {[%emt 0:00:18]} 7. Nc3 {[%emt 0:00:21]} Ba6 {[%emt 0:13:18]} 8. Qa4 {[%emt 0:00:37]} Bxg3 {[%emt 0:18:35]} 9. hxg3 {[%emt 0:00:13]} c6 {[%emt 0:02:28]} 10. Qb3 {[%emt 0:13:41]} Qe7 {[%emt 0:01:43]} 11. Bd3 {[%emt 0:09:14]} Rc8 {[%emt 0:01:32]} 12. Ne5 {[%emt 0:18:54]} dxc4 {[%emt 0:05:59]} 13. Bxc4 {[%emt 0:04:34]} c5 {[%emt 0:02:40]} 14. Rd1 {[%emt 0:15:19]} cxd4 {[%emt 0:13:35]} 15. Rxd4 {[%emt 0:00:18]} Bxc4 {[%emt 0:01:08]} 16. Rxc4 {[%emt 0:01:00]} Nbd7 {[%emt 0:04:41]} 17. Nxd7 {[%emt 0:06:02]} Qxd7 {[%emt 0:00:12]} 18. Rd4 {[%emt 0:04:23]} Qc6 {[%emt 0:00:03]} 19. O-O {[%emt 0:00:31]} Rd8 {[%emt 0:01:17]} 20. Rfd1 {[%emt 0:01:16]} Rxd4 {[%emt 0:00:07]} 21. Rxd4 {[%emt 0:00:06]} h5 {[%emt 0:02:50]} 22. Qd1 {[%emt 0:07:48]} 1/2-1/2

[Event "Holiday Invitational-GM 2019"]
[Site "Charlotte"]
[Date "2019.12.30"]
[Round "7.1"]
[White "Karthik Venkataraman"]
[Black "Jacobson, Brandon"]
[Result "1/2-1/2"]
[WhiteElo "2470"]
[BlackElo "2472"]
[Annotator "RC"]
[PlyCount "51"]
[EventDate "2019.12.26"]
[EventType "tourn"]
[EventCountry "USA"]
[SourceTitle "playchess.com"]
[Source "ChessBase"]
[SourceQuality "1"]
[TimeControl "5400+30"]

1. Nf3 {[%emt 0:00:00]} d5 {[%emt 0:04:52]} 2. e3 {[%emt 0:00:08]} Nf6 {[%emt 0:01:06]} 3. c4 {[%emt 0:00:05]} e6 {[%emt 0:00:05]} 4. Nc3 {[%emt 0:00:06]} b6 {[%emt 0:01:40]} 5. b3 {[%emt 0:00:11]} Bb7 {[%emt 0:00:04]} 6. Bb2 {[%emt 0:00:05]} Nbd7 {[%emt 0:00:08]} 7. d4 {[%emt 0:04:03]} Bd6 {[%emt 0:00:18]} 8. Bd3 {[%emt 0:01:10]} O-O {[%emt 0:00:18]} 9. O-O {[%emt 0:01:43]} a6 {[%emt 0:00:07]} 10. Rc1 {[%emt 0:03:35]} Qe7 {[%emt 0:00:22]} 11. cxd5 {[%emt 0:01:54]} exd5 {[%emt 0:00:05]} 12. Ne2 {[%emt 0:00:04]} Ne4 {[%emt 0:01:53]} 13. Qc2 {[%emt 0:00:24]} Rfe8 {[%emt 0:04:53]} 14. Ne5 {[%emt 0:06:15]} Rac8 {[%emt 0:09:14]} 15. f3 {[%emt 0:24:59]} Nef6 {[%emt 0:00:54]} 16. f4 {[%emt 0:01:57]} g6 {[%emt 0:09:58]} 17. Ng3 {[%emt 0:09:33]} c5 {[%emt 0:03:03]} 18. Qe2 {[%emt 0:00:13]} b5 {[%emt 0:03:09]} 19. dxc5 {[%emt 0:00:53]} Bxc5 {[%emt 0:02:23]} 20. Bd4 {[%emt 0:11:08]} Nxe5 {[%emt 0:04:27]} 21. Bxe5 {[%emt 0:01:08]} Nd7 {[%emt 0:07:15]} 22. Bd4 {[%emt 0:00:08]} Bxd4 {[%emt 0:01:21]} 23. exd4 {[%emt 0:00:05]} Qb4 {[%emt 0:00:46]} 24. Qf2 {[%emt 0:00:40]} Rxc1 {[%emt 0:01:24]} 25. Rxc1 {[%emt 0:00:02]} Nf6 {[%emt 0:00:06]} 26. h3 {[%emt 0:02:05]} 1/2-1/2

[Event "Holiday Invitational-GM 2019"]
[Site "Charlotte"]
[Date "2019.12.30"]
[Round "7.2"]
[White "Wang, Justin"]
[Black "Balakrishnan, Praveen"]
[Result "1/2-1/2"]
[WhiteElo "2454"]
[BlackElo "2466"]
[Annotator "TA"]
[PlyCount "55"]
[EventDate "2019.12.26"]
[EventType "tourn"]
[EventCountry "USA"]
[SourceTitle "playchess.com"]
[Source "ChessBase"]
[SourceQuality "1"]

{[%evp 11,55,18,22,11,20,0,0,-29,-21,-35,-29,-39,-41,-43,-43,-48,-47,-81,-79,-93,-70,-82,-72,-89,-66,-83,-87,-115,-100,-135,-4,-102,-86,-95,-80,-96,0,0,20,22,24,0,0,0,0,0]} 1. e4 c5 2. Nc3 a6 3. g3 b5 4. Bg2 Bb7 5. Nge2 e6 6. O-O Nf6 7. d3 {B23: Closed Sicilian: Lines without g3} d5 (7... b4 8. Na4 d6 9. f4 Nbd7 10. f5 exf5 11. Rxf5 Qc7 12. b3 g6 13. Rf1 Bg7 14. Nb2 O-O {1-0 (35) Petrov,N (2593)-Khismatullin,D (2621) St Petersburg 2018}) 8. exd5 Nxd5 9. Nf4 {Hoping for Nfxd5.} Nxc3 10. bxc3 Bxg2 11. Kxg2 Be7 12. Qf3 $146 ({Predecessor:} 12. Re1 O-O 13. a4 Nd7 14. axb5 axb5 {1-0 (28) Viana,D (2266)-Soares,J (1846) Florianopolis 2017}) 12... Nd7 13. a4 {With the idea axb5.} b4 14. Nh5 {[#]} O-O $1 15. Bd2 g6 16. Nf4 Bf6 17. Ne2 Nb6 18. Be3 {[#]} Rc8 $1 19. Rab1 Nd5 20. c4 Nb6 ({Black should try} 20... Nxe3+ $17 21. fxe3 Bg7) 21. Qb7 (21. a5 $11 Na4 22. Bh6) 21... a5 $17 22. Nc1 Nxa4 {...Nc3 is the strong threat.} 23. Nb3 Bg7 (23... h5 $17) 24. Ra1 $1 $36 {[%cal Ra1a4][%mdl 2048] White fights for an advantage.} Bxa1 25. Rxa1 Nb6 26. Rxa5 Rb8 27. Qc6 Rc8 28. Qb7 {Accuracy: White = 45%, Black = 63%.} 1/2-1/2

[Event "Holiday Invitational-GM 2019"]
[Site "Charlotte"]
[Date "2019.12.30"]
[Round "7.3"]
[White "Mishra, Abhimanyu"]
[Black "Steingrimsson, Hedinn"]
[Result "1/2-1/2"]
[WhiteElo "2397"]
[BlackElo "2530"]
[Annotator "TA"]
[PlyCount "93"]
[EventDate "2019.12.26"]
[EventType "tourn"]
[EventCountry "USA"]
[SourceTitle "playchess.com"]
[Source "ChessBase"]
[SourceQuality "1"]

{[%evp 11,93,16,14,22,20,16,16,27,21,10,17,16,21,17,27,25,33,18,34,18,20,16,33,0,17,0,6,6,6,8,9,7,10,9,22,10,18,2,0,0,10,-5,0,0,15,0,0,0,0,0,0,0,0,0,0,0,11,0,0,0,0,0,0,0,0,0,0,0,0,0,0,0,0,-15,0,0,0,0,8,8,8,15,17,0]} 1. e4 c5 2. Nf3 d6 3. d4 cxd4 4. Qxd4 Nc6 5. Bb5 Bd7 6. Qd3 g6 7. O-O {B53: Sicilian: 2...d6: Lines with Qxd4} Bg7 8. c4 Nf6 9. Nc3 O-O 10. h3 a6 (10... Rc8 11. Be3 Nb4 12. Qe2 a6 13. Bxd7 Nxd7 14. Bd4 Bxd4 15. Nxd4 {0-1 (29) Andreikin,D (2725)-Van Wely,L (2622) chess.com INT 2019}) 11. Bxc6 Bxc6 12. Nd4 Nd7 13. Be3 Rc8 14. Rac1 Nc5 15. Qc2 Ne6 16. Qd2 Nc5 17. Qc2 Ne6 {The position is equal.} 18. Qd2 Nxd4 19. Bxd4 Bxd4 $146 ({Predecessor:} 19... Qa5 20. Rfe1 Rfd8 21. a3 Bxd4 {1-0 (71) Tari,A (2450)-Christenson,F (2259) Norway 2014}) 20. Qxd4 Qa5 21. Rfe1 Rfd8 22. a3 Qc5 23. Qd3 e6 24. Red1 Be8 25. Ne2 Qg5 26. Nc3 b5 27. cxb5 axb5 28. Qd2 (28. Na2 {keeps more tension.} Rxc1 29. Nxc1 Bc6 30. Ne2 d5 31. Qe3) 28... Qxd2 29. Rxd2 Kf8 30. Rcd1 Ke7 31. Rd4 Rc5 32. f3 g5 33. Kf2 Bc6 34. Ke3 h5 35. g3 f5 36. g4 hxg4 37. hxg4 fxg4 38. fxg4 Rh8 39. R1d2 ({Much weaker is} 39. Rxd6 Rh3+ 40. Ke2 Rh2+ 41. Kf3 Rxb2 $17) 39... Rh3+ 40. Kf2 Rh2+ 41. Ke3 Rh3+ 42. Kf2 Rh2+ 43. Ke3 Rh4 44. Kf3 {[#]} d5 $1 {[%mdl 512]} 45. exd5 exd5 46. Kg3 {[%cal Rc3d5]} Rc4 47. Nxd5+ {Accuracy: White = 68%, Black = 75%.} 1/2-1/2

[Event "Holiday Invitational-GM 2019"]
[Site "Charlotte"]
[Date "2019.12.30"]
[Round "7.4"]
[White "Korley, Kassa"]
[Black "Iotov, Valentin"]
[Result "1/2-1/2"]
[WhiteElo "2432"]
[BlackElo "2516"]
[Annotator "TA"]
[PlyCount "89"]
[EventDate "2019.12.26"]
[EventType "tourn"]
[EventCountry "USA"]
[SourceTitle "playchess.com"]
[Source "ChessBase"]
[SourceQuality "1"]

{[%evp 9,89,7,25,14,30,29,34,42,46,53,75,73,72,74,72,70,64,22,41,4,8,0,0,0,0,0,0,0,0,0,10,0,0,0,27,28,18,20,13,0,0,0,23,23,23,0,0,-13,38,45,36,43,39,0,0,0,0,0,0,0,0,0,0,-1,0,0,0,-2,0,0,0,0,0,0,0,0,0,0,0,0,0,0]} 1. d4 d5 2. Nf3 Nf6 3. Bf4 e6 4. e3 c5 5. Be2 Nc6 6. O-O {D02: 1 d4 d5 2 Nf3 sidelines, including 2...Nf6 3 g3 and 2...Nf6 3 Bf4} a6 (6... Be7 7. dxc5 Bxc5 8. c4 O-O 9. Nc3 dxc4 10. Bxc4 Qxd1 11. Rfxd1 b6 12. Ng5 Be7 13. Nge4 Rd8 14. Bb5 Bb7 15. Nd6 Bxd6 16. Bxd6 Rac8 17. f3 a6 18. Be2 {0-1 (47) Rapport,R (2700)-Aronian,L (2797) Caleta 2018}) 7. c4 cxd4 $146 ({Predecessor:} 7... dxc4 8. dxc5 Bxc5 9. Qxd8+ Kxd8 10. Bxc4 Ke7 11. Nc3 b5 12. Be2 Bb7 {½-½ (41) Gutkin,B (2275)-Westerinen,H (2365) Arco 2010}) 8. Nxd4 {White is slightly better.} Bd7 9. Bf3 dxc4 10. Nxc6 Bxc6 11. Bxc6+ bxc6 12. Qa4 Qb6 13. Qxc4 Be7 14. Nc3 O-O 15. Na4 Qb5 16. Rac1 Nd5 17. Bg3 Nb4 18. Qb3 $1 Rfd8 19. Nc3 Qa5 20. h3 Nd3 21. Rcd1 Qb4 (21... h5 {looks sharper.} 22. Na4 Bf6 23. Qc2 Nb4 24. Qb3 Nd3) 22. Qxb4 Nxb4 23. a3 Nd3 24. Na4 {Bc7 is the strong threat.} e5 25. Rd2 f5 26. Rfd1 e4 27. Rc2 c5 28. Bc7 Rd7 ({Black should play} 28... Rf8 $11) 29. Nb6 $14 {[%mdl 64] [#] Double Attack} Rxc7 30. Nxa8 Rc6 31. b3 Bd8 {The position is equal.} 32. f3 Rc8 $1 {[%cal Rc8a8]} 33. fxe4 fxe4 34. Rc4 Nb2 {[%mdl 64] [#] Double Attack} 35. Rxd8+ Rxd8 36. Rc2 Rxa8 37. Rxb2 $11 {[%mdl 4096] Endgame KR-KR} Rb8 38. b4 Rb5 39. Ra2 cxb4 40. axb4 Rxb4 41. Rxa6 Rb3 42. Kf2 Rb2+ 43. Kf1 Rb3 44. Kf2 Rb2+ 45. Kf1 {Accuracy: White = 66%, Black = 76%.} 1/2-1/2

[Event "Holiday Invitational-GM 2019"]
[Site "Charlotte"]
[Date "2019.12.30"]
[Round "7.5"]
[White "Kaliksteyn, Alexander"]
[Black "Sinha, Sahil"]
[Result "1/2-1/2"]
[WhiteElo "2381"]
[BlackElo "2296"]
[Annotator "TA"]
[PlyCount "34"]
[EventDate "2019.12.26"]
[EventType "tourn"]
[EventCountry "USA"]
[SourceTitle "playchess.com"]
[Source "ChessBase"]
[SourceQuality "1"]

{[%evp 24,34,-3,-12,12,5,55,9,10,-4,0,-7,576]} 1. d4 Nf6 2. Nf3 e6 3. Bf4 c5 4. e3 d5 5. c3 Bd6 6. Bg3 O-O 7. Nbd2 Qc7 8. Bd3 Nbd7 9. Bxd6 Qxd6 10. O-O e5 11. dxe5 Nxe5 12. Nxe5 Qxe5 13. Re1 Qc7 {D02: 1 d4 d5 2 Nf3 sidelines, including 2...Nf6 3 g3 and 2...Nf6 3 Bf4} 14. e4 {[#]} c4 $146 ({Predecessor:} 14... dxe4 15. Nxe4 Nxe4 16. Bxe4 h6 17. Qf3 Be6 18. a3 Rad8 19. Rad1 b6 20. h3 Rxd1 21. Rxd1 {1-0 (86) Sevian,S (2666)-Nihal,S (2598) chess.com INT 2019}) 15. Bf1 Be6 {The position is equal.} 16. e5 Nd7 $1 17. Nf3 Nf6 $2 {[%mdl 40960] An unexpected result.} (17... Rad8 $11 {and Black stays safe.}) 1/2-1/2